|
|
|
|
| LEADER |
01680nam a2200469 a 4500 |
| 001 |
nkc20132469434 |
| 003 |
CZ PrNK |
| 005 |
20140317085141.0 |
| 007 |
ta |
| 008 |
130624s2014 xr a c f 000 0 cze |
| 015 |
|
|
|a cnb002469434
|
| 020 |
|
|
|a 978-80-253-1967-3
|q (váz.)
|
| 035 |
|
|
|a (OCoLC)872337297
|
| 040 |
|
|
|a BOA001
|b cze
|d ABA001
|
| 041 |
1 |
|
|a cze
|h eng
|
| 072 |
|
7 |
|a 821-93
|x Literatura pro děti a mládež (beletrie)
|2 Konspekt
|9 26
|
| 080 |
|
|
|a 821-93
|2 MRF
|
| 080 |
|
|
|a 316.346.2-055.25
|2 MRF
|
| 080 |
|
|
|a 177.63
|2 MRF
|
| 080 |
|
|
|a (035)
|2 MRF
|
| 245 |
0 |
0 |
|a Holčičiny :
|b super zábava pro tebe a nej kámošky! : top testíky, módní tipy, skvělé recepty na párty /
|c [z anglického originálu ... přeložila Olga Staníčková]
|
| 246 |
1 |
|
|i Název v tiráži:
|a Holčičiny - super zábava pro tebe a nej kámošky!
|
| 250 |
|
|
|a 1. vyd.
|
| 260 |
|
|
|a Praha :
|b Fragment,
|c 2014
|
| 300 |
|
|
|a 103 s. :
|b barev. il. ;
|c 22 cm
|
| 500 |
|
|
|a Název z obálky
|
| 521 |
8 |
|
|a Pro čtenářky od 9 let
|
| 650 |
0 |
7 |
|a dívky
|7 ph119743
|2 czenas
|
| 650 |
0 |
7 |
|a přátelství
|7 ph124922
|2 czenas
|
| 650 |
0 |
9 |
|a girls
|2 eczenas
|
| 650 |
0 |
9 |
|a friendship
|2 eczenas
|
| 655 |
|
7 |
|a příručky
|7 fd133209
|2 czenas
|
| 655 |
|
7 |
|a publikace pro děti
|7 fd133156
|2 czenas
|
| 655 |
|
9 |
|a handbooks and manuals
|2 eczenas
|
| 655 |
|
9 |
|a children's literature
|2 eczenas
|
| 700 |
1 |
|
|a Staníčková, Olga
|7 xx0031599
|4 trl
|
| 765 |
0 |
|
|t My little pink book of friendship
|9 Česky
|
| 910 |
2 |
|
|a BOA001
|b 2-1320.254
|
| 990 |
|
|
|a BK
|
| 995 |
|
|
|a 01
|
| 991 |
|
|
|b 201403
|e dn
|
| 996 |
6 |
|
|b 2610581182
|c 2-1320.254
|l MZK
|r Sklad / do 1 hodiny
|n 0
|p p.v.
|w 001400946
|u 000010
|a 1
|e BOA001
|j MZK50
|s P
|